Letter A General Knowledge Quiz - Statistics

General Stats
  • This quiz has been taken 47 times
  • The average score is 15 of 30
Answer Stats
Question Answer % Correct
Complete the following English-language proverb: "An------a day keeps the doctor away." Apple
100%
The logo of which automotive company depicts four interlocking rings? Audi
95%
An ampersand is a sign for which word? And
85%
What is the largest state by land area in the United States? Alaska
80%
Buenos Aires is the capital of which South American country? Argentina
78%
Which artist created "Campbell's Soup Cans" in 1962? Andy Warhol
73%
Luanda is the capital city of which country? Angola
66%
In mathematics, what is the name of a part of the circumference of a circle? Arc
66%
What is the name of the calculating frame with sliding balls on wires? Abacus
63%
Which city in India would you find the Taj Mahal in? Agra
61%
What is the name of a Mesoamerican culture that thrived in central Mexico between 1300 and 1521? Aztecs
59%
Adélie Land is a French territory on the coast of which continenet? Antarctica
56%
According to the International System of Units, what is the measurement unit of electric current? Ampere
54%
What is the name of the blue colour that is usually described as the sky colour on a clear day? Azure
54%
Which metal was discovered by Hans Christian Oersted in 1825? Aluminium
49%
According to the proverb what makes Jack a dull boy? All work and no play
44%
What company was originally called "Cadabra"? Amazon
41%
Which Greek god was the twin brother of Artemis? Apollo
41%
South Korea has been dominant in which Olympic sports with 26 out of 39 gold medals since 1984? Archery
41%
Queen guitarist Brian May is also an expert in what scientific field? Astrophysics
41%
Which term refers to the white part of an egg? Albumen
39%
Which Chinese firm was founded in 1999 and is now one of the largest retailers and e-commerce companies in the world? Alibaba
34%
What is the second-largest city In Denmark after Copenhagen? Aarhus
32%
In the religious calendar which 'A' is the first day of Lent? Ash Wednesday
32%
Axilla is the scientific term for which part of the body? Armpit
27%
Cleopatra supposedly bathed in the milk of which animal? Ass
22%
Chianti, Omaha Fiesole, and Globe are all varieties of which veggies? Artichokes
17%
Which organisation is an economic and political union of 10 countries in Southeast Asia? ASEAN
17%
Besides Hadrian, which Roman emperor had a wall built across Britain? Antoninus
0%
In yachting, what is a metal mike? Automatic helmsman
0%
No matching quizzes found
Score Distribution
Percent of People with Each Score
Percentile by Number Answered
Your Score History
You have not taken this quiz